| 000 | 00617cam a2200217 4500 | ||
|---|---|---|---|
| 001 | D7396 | ||
| 008 | 090401t1960 xxu||||| |||| 00| 0 eng d | ||
| 035 | _a(Sirsi) u7075 | ||
| 041 | _aeng | ||
| 050 | _a690.26 | ||
| 110 |
_aNational Federation of Demolition Contractors Ltd _9954 |
||
| 245 | _aForm of direct contract | ||
| 260 |
_aLondon _bNational Federation of Demolition Contra _c1960 |
||
| 300 | _a9p. ; 33cm | ||
| 350 | _a0 | ||
| 520 | _aIncluded in folder of specimen forms of contract on Reserve Shelf 302. | ||
| 650 |
_aContracts _96232 |
||
| 650 | _aDEMOLITION | ||
| 942 | _n0 | ||
| 948 | _c04/03/1997 | ||
| 999 |
_c86388 _d86388 |
||